LEADER 01534cam2-2200469---450- 001 990003482570203316 005 20110120101928.0 010 $a978-88-8416-230-4 035 $a000348257 035 $aUSA01000348257 035 $a(ALEPH)000348257USA01 035 $a000348257 100 $a20110113d2009----km-y0itay50------ba 101 1 $aita$cfre 102 $aIT 105 $aaf--||||001yy 200 1 $a<> tour Eiffel$fRoland Barthes$gtraduzione di Caterina Medici 210 $aMilano$cAbscondita$d2009 215 $a51 p., [16] carte di tav.$cill., 1 ritratto$d20 cm 225 2 $aMiniature$v73 410 0$1001000122511$12001$aMiniature$v, 73 454 0$12001$a<> tour Eiffel$935184 606 0 $aTour Eiffel $2BNCF 676 $a725.970944361 700 1$aBARTHES,$bRoland$036036 702 1$aMEDICI,$bCaterina 801 0$aIT$bsalbc$gISBD 912 $a990003482570203316 951 $aXII.2. Coll. 46/ 36$b226420 L.M.$cXII.2. Coll.$d00295237 959 $aBK 969 $aUMA 979 $aPASSARO$b90$c20110113$lUSA01$h0938 979 $aPASSARO$b90$c20110113$lUSA01$h0940 979 $aPASSARO$b90$c20110113$lUSA01$h0947 979 $aPASSARO$b90$c20110113$lUSA01$h0947 979 $aPASSARO$b90$c20110113$lUSA01$h0948 979 $aPASSARO$b90$c20110113$lUSA01$h0959 979 $aPASSARO$b90$c20110113$lUSA01$h1002 979 $aANNAMARIA$b90$c20110120$lUSA01$h1003 979 $aANNAMARIA$b90$c20110120$lUSA01$h1019 996 $aTour Eiffel$935184 997 $aUNISA